00568 2200205 4500001002100000005001500021035002000036245006300056100002100119250001400140300004200154260003400196082001000230084001600240020001900256650002500275650003100300500001100331990002000342INLIS00000000000380420230125074042 a0010-01230003311 aPassword Menuju Sukses :bEdisi Revisi /cDR. Sumadi, M.Sc0 aDR. Sumadi, M.Sc aCet. 1,-- av + 175 hlm. :bilus. ;c14,5 x 21 cm aJakarta. :bErlangga.,c2018. a370.1 a370.1 DR. p a978602684765-2 aEditor, Alwi Kosasih aDesain Sampul, Sony Sonata aIndeks a15544/P/Bl/2022